| 000 | 00877nam a2200205 4500 | ||
|---|---|---|---|
| 008 | 171212b xxu||||| |||| 00| 0 eng d | ||
| 020 | _a0134348958 | ||
| 082 |
_21997 _aDC 808.042 _bW72 |
||
| 100 |
_924902 _aWinkler, Anthony C.,author. |
||
| 245 |
_aWriting talk : _bSentences and paragraphs with readings / _c Anthony C. Winkler, Jo Ray McCuen-Metherell. |
||
| 260 |
_aUpper Saddle River, N.J. : _bPrentice Hall, _c ©2003. |
||
| 300 |
_axvi, 432 pages : _billustrations ; _e27cm. |
||
| 500 | _aIncludes index. | ||
| 650 | 0 |
_924905 _aEnglish language _xSentences -- Problems, exercises, etc. |
|
| 650 | 0 |
_924906 _aEnglish language _xParagraphs -- Problems, exercises, etc |
|
| 650 | 0 |
_924907 _aEnglish language _xGrammar -- Problems, exercises, etc. |
|
| 650 | 0 |
_924908 _aReport writing _xProblems, exercises, etc. |
|
| 700 |
_924909 _aMcCuen, Jo Ray, author. |
||
| 942 |
_2ddc _cDC |
||
| 999 |
_c8064 _d8064 |
||